LEADER 01462nam2 2200361 i 450 001 LO10482804 005 20231121125520.0 010 $a8804460857 010 $a9788804460855$b3. ed. 2012 020 $aIT$b2000-12321 100 $a20000313d1999 ||||0itac50 ba 101 | $aita 102 $ait 181 1$6z01$ai $bxxxe 182 1$6z01$an 200 0 $a1 210 $aMilano$cA. Mondadori$d1999 215 $aCCXXXV, 1429 p.$d18 cm. 462 1$1001LO10482796$12001 $a˜I œlibri del Vecchio Testamento.$v1 676 $a195$9FILOSOFIA OCCIDENTALE MODERNA. ITALIA$v21 801 3$aIT$bIT-01$c20000313 850 $aIT-RM028 $aIT-RM0289 $aIT-RM0290 $aIT-RM0418 $aIT-FR0084 $aIT-FR0017 899 $aBiblioteca Universitaria Alessandrina$bRM028 899 $aBiblioteca Statale A. Baldini$bRM0289 899 $aBIBLIOTECA ANGELICA$bRM0290 899 $aBIBLIOTECA ACCADEMIA NAZ. DEI LINCEI E CORSINIANA$bRM0418 899 $aBiblioteca Del Monumento Nazionale Di Montecassino$bFR0084 899 $aBiblioteca umanistica Giorgio Aprea$bFR0017 $eN 912 $aLO10482804 950 2$aBiblioteca umanistica Giorgio Aprea$d 52MAG 5 Coll C 140.2$e 52FLS0000191745 VMB RS $fA $h20200324$i20200324 977 $a 01$a 04$a 06$a 10$a 25$a 52 996 $a1$961339 997 $aUNICAS LEADER 01413nam0 22003131i 450 001 UON00157681 005 20231205102950.852 100 $a20020326d1996 |0itac50 ba 101 $aita 102 $aIT 105 $a|||| ||||| 200 1 $aAnalisi linguistica della poesia e fenomenologia della traduzione poetica. 1. La ricorsività vocalica$fDomenico Silvestri, Clara Montella$ganalisi e confronti di: Anna Borrelli, Rossella Monterisio, Alessandra Raio, Anna Tiscio 210 $aNapoli$cArte Tipografica$d1996 215 $a556 p.$d24 cm 410 1$1001UON00166341$12001 $aStrumenti e documenti per la ricerca linguistica$v2 620 $aIT$dNapoli$3UONL000012 700 1$aSILVESTRI$bDomenico$3UONV010745$0172369 701 1$aMONTELLA$bClara$3UONV071961$0673958 702 1$aBORRELLI$bAnna$3UONV156208 702 1$aMONTERISO$bRossella$3UONV156209 702 1$aRAIO$bAlessandra$3UONV156210 702 1$aTISCIO$bAnna$3UONV156211 712 $aArte Tipografica$3UONV249457$4650 801 $aIT$bSOL$c20240220$gRICA 899 $aSIBA - SISTEMA BIBLIOTECARIO DI ATENEO$2UONSI 912 $aUON00157681 950 $aSIBA - SISTEMA BIBLIOTECARIO DI ATENEO$dSI GLOTT A 4 III 116 $eSI MC 26324 5 116 996 $aAnalisi linguistica della poesia e fenomenologia della traduzione poetica$91285014 997 $aUNIOR